| 000 | 00425pam a2200157 a 4500 | ||
|---|---|---|---|
| 020 |
_a8180618943 _c |
||
| 041 | _h | ||
| 082 |
_a617 _bCAR/RUS |
||
| 100 | _aCARTER S.D.,RUSSELL R.C.,PITT H.A. | ||
| 245 |
_aATLAS OF GENERAL SURGERY VOL-1 _cNULL. _hTextual Documents |
||
| 250 |
_a3 ED/ _b. |
||
| 260 |
_aNULL : _bHODDER ARNOLD , _c2006. |
||
| 300 |
_a515 : : _bXLVII ; ; _cA4 . + _eHB. |
||
| 930 | _a2057 | ||
| 999 |
_c796593 _d796593 |
||
| 650 | _aSURGERY | ||